Sports teams located in Florida - Statistics

General Stats
  • This quiz has been taken 144 times
  • The average score is 8 of 9
Answer Stats
League Answer % Correct
NFL Dolphins
98%
NBA Heat
97%
NFL Buccaneers
96%
NBA Magic
96%
NFL Jaguars
94%
MLB Marlins
94%
MLB Rays
90%
NHL Lightning
88%
NHL Panthers
87%
No matching quizzes found
Score Distribution
Percent of People with Each Score
Percentile by Number Answered
Your Score History
You have not taken this quiz